| 000 | 01999nam a2200361 i 4500 | ||
|---|---|---|---|
| 003 | EG-GICUC | ||
| 005 | 20260416151638.0 | ||
| 008 | 260306s1994 ua ||||fr|||| 00| 0 ara d | ||
| 017 | _a1994/2385 | ||
| 020 | _a977200092X | ||
| 040 |
_a EG-GICUC _bara _c EG-GICUC _d EG-GICUC _erda |
||
| 041 | _aara | ||
| 082 | 0 | 4 |
_221 _a343.303 _bع ب . م |
| 092 | 0 | 4 | _221 |
| 099 | _aLaw1 10 343.303 ع ب . م 1994 | ||
| 100 | 0 |
_aعبد الرحيم صدقى _eمؤلف. |
|
| 245 | 1 | 0 |
_aموسوعة صدقى فى القانون الجنائى : _cتأليف دكتور عبد الرحيم صدقى.. _nالمجلد التاسع، _nالمجلد العاشر، _pالقانون الجنائى والمجتمع العالمى، _pالقانون الجنائى والإرهاب / |
| 264 | 1 |
_aالقاهرة : _bمكتبة النهضة العربية، _c1994. |
|
| 264 | 3 |
_aالقاهرة : _bمطابع الهيئة العامة للكتاب، _c1986. |
|
| 300 |
_aمجلد : _c24 سم. |
||
| 336 |
_2rda content _atext |
||
| 337 |
_2rda media _aComputer |
||
| 338 |
_2rda carrier _aOnline Resource |
||
| 490 |
_aموسوعة صدقى فى القانون الجنائى ; _vالمجلد التاسع، _vالمجلد العاشر |
||
| 504 | _aيشتمل على إرجاعات ببليوجرافية. | ||
| 505 | _aمج. 9، القانون الجنائى والمجتمع العالمى ، الجزء الأول ، القانون الدولى الجنائى، الجزء الثانى، القانون الجنائى الدولى، الجزء الثالث، الاختصاص القضائى الجنائى الدولى ، المجلد العاشر ، القانون الجنائى والإرهاب | ||
| 546 | _aالنص باللغة العربية | ||
| 650 | 1 | _aالقانون الجنائي | |
| 650 | 1 |
_a قانون الإجراءات الجنائية _xموسوعات / معاجم |
|
| 856 | 4 | 0 | _uhttps://fll.law.cu.edu.eg/fulltext/bks/B10-08712.pdf |
| 905 |
_a43 _eYara |
||
| 942 |
_2ddc _n0 _cBK _e21 |
||
| 999 |
_c65233 _d65233 |
||